| 000 | 00921nam a22003017a 4500 | ||
|---|---|---|---|
| 003 | CHAP | ||
| 005 | 20220329141618.0 | ||
| 008 | 971013s1981 r 00010 d | ||
| 010 | _a70998 | ||
| 011 | _a71970 | ||
| 035 | _a81524 | ||
| 040 | _cCHAP | ||
| 082 |
_a635 _bD3 |
||
| 100 | 0 | 0 |
_aDavidson, Harold. _931181 |
| 245 |
_aNursery management _b: administration and culture |
||
| 260 |
_aEnglewood Cliffs, N.J. : _bPrentice Hall, _c1981 |
||
| 300 |
_a450 p. _b: ilus |
||
| 590 |
_aBATCH-UPD _b10 _c20130110 _lUCH01 _h1419 |
||
| 590 |
_aBATCH-UPD _b10 _c20130410 _lUCH01 _h0902 |
||
| 590 |
_aBATCH-UPD _b10 _c20130914 _lUCH01 _h1905 |
||
| 590 |
_aCONVERSION _b10 _c20130109 _lUCH01 _h1339 |
||
| 650 | 1 | 4 |
_aViveros hortÃcolas. _9120103 |
| 650 | 1 | 4 |
_aViveros. _9120096 |
| 700 | 0 |
_aMecklenburg, Roy. _973808 |
|
| 901 | _aBK | ||
| 942 | _cLIBRO | ||
| 949 |
_a635 D3 _bBC _cLIBRO _d33724000245478 _eLIBRO _h58040 _i81524 _si _t1269.00 |
||
| 999 |
_c70998 _d70998 |
||